000 00665nam a2200265Ia 4500
005 20260121165608.0
008 008 260114s9999 xx 000 0 eng d
020 _a9783319321158
037 _aEBOOK
040 _aCRL
040 _beng
040 _cCRL
041 _2eng
041 _aeng
084 _qCRL
100 _aGiulia Traverso, Denise Demirel, Johannes Buchmann
_91053666
245 0 _aHomomorphic Signature Schemes
260 _bSpringer
260 _bSpringer
260 _c2016
856 _uhttps://link.springer.com/openurl?genre=book&isbn=978-3-319-32115-8
942 _cEBOOK
999 _c1619392
_d1619392